000 00636nam a2200229Ia 4500
003 OSt
005 20220923215043.0
006 a|||||r|||| 00| 0
007 ta
008 220922b |||||||| |||| 00| 0 hin d
024 _a175,208
037 _cTextual
040 _aARTS
_cARTS
_bhin
041 _2hin
_ahin
082 _aO152:9, J8
100 _aउपाध्याय, देवराज
245 0 _aविचार के प्रवाह
246 _aVichār ke pravāha
260 _c1958
942 _hO152:9, J8
_cTEXL
_2CC
999 _c328912
_d328912